000 00733nam a2200229 i 4500
001 140141
003 ES-MaACL
005 20240228170001.0
007 t|
008 070214s1914 gw |||| | ger d
100 1 _aSchulten, Adolf.
_9104768
245 1 0 _aDie Keltiberer und ihre Kriege mit Rom /
_cAdolf Schulten.
260 _aMünchen :
_bF. Bruckmann,
_c1914.
300 _aXVI, 403 p. ;
_c32 cm.
490 1 _aNumantia-band ;
_v1
650 4 _aCeltíberos.
_9149637
650 4 _aGuerra de Numancia, 143-133 a.C.
_9169933
651 7 _aEspaña-
_xHistoria-
_y218 a.C.-414 d.C. (Época romana)
_2
_9168873
830 0 _aNumantia-band ;
_v1
_9220299
852 _aES-MaACL
_jB-11803
999 _c140141
_d140141